Albendorf, das schlesische Jerusalem: Zum Barockkatholizismus in der Grafschaft Glatz
| Titel: | Albendorf, das schlesische Jerusalem: Zum Barockkatholizismus in der Grafschaft Glatz / Arno Herzig |
|---|---|
| Verfasser: | |
| In: |
Schlesische Geschichtsblätter, Band 46, Heft 1 (2019 [2020]), Seite 17-24 alle Artikel anzeigen |
| Veröffentlicht: | 2020 |
| Umfang: | 1 Illustration |
| Format: | Aufsatz |
| Sprache: | Deutsch |
X
alg: 50988625 001A $03025:24-07-23 001B $03025:11-07-24 $t15:40:23.000 001D $03025:24-07-23 001U $0utf8 001X $00 002@ $0Aou 002C $aText $btxt $2rdacontent 002D $aohne Hilfsmittel zu benutzen $bn $2rdamedia 002E $aBand $bnc $2rdacarrier 003@ $0509886256 007A $0509886256 $aHEB 010@ $ager 010E $erda 011@ $a2020 021A $aAlbendorf, das schlesische Jerusalem: Zum Barockkatholizismus in der Grafschaft Glatz $hArno Herzig 028A $BVerfasser $4aut $7119487160 $8Herzig, Arno$Z1937- [Tp1] $9087826828 031A $d46 $e1 $h17-24 $j2019 [2020] 034M $a1 Illustration 037A $aIn memoriam Lothar Herzig 039B $aEnthalten in $8--Abvc--. Schlesische Geschichtsblätter. - Karlstadt : Verein für Geschichte Schlesiens, 1908-. - ISSN 2190-4871 $x201900000460001983 $9047349034 044K $RWoiwodschaft Niederschlesien $RPowiat Kłodzki $#Wambierzyce $#Vambeřice $74001036-3 $8Albendorf$gGlatz [Tg1] $9084993405 044K $#Civilization, Baroque $#Baroque $#Barocco $#Barroco $#Barockzeit $#Barockzeitalter $74004541-9 $8Barock [Ts1] $9085004049 044K $RKatholik $#Catholic Church $#Église catholique $#Cattolicesimo $#Katholizismus $#Katholizismus $#Katholiken Katholizismus $74030027-4 $8Katholizismus [Ts1] $9085079588 044K $RReise $RPilgerschaft $RPilger $#Pilgrims and pilgrimages $#Pèlerinages $#Pellegrinaggi $#Wallfahrt $#Pilgerfahrt $#Pilgerreise $#Wallfahrtsort $#Wallfahrten $74064460-1 $8Wallfahrt [Ts1] $9085180874 044K $RSakralbau $#Church buildings $#Eglises $#Church architecture $#Architecture religieuse $#Gotteshaus $#Kirche Gebäude $#Kirchengebäude $#Kirchenraum $#Kirchen Gebäude $74073436-5 $8Kirchenbau [Ts1] $9085206776 044K $RArchitekt $RBaudenkmal $RBauweise $RInnenarchitektur $#Architecture $#Architecture $#Baukunst $74002851-3 $8Architektur [Ts1] $9084999292 045F $a200.9438509033 $eDDC23BSB 045F/01 $a200.9 045F/03 $f09033 045F/03 $g4385 045R $aGeschichte 1695-1800 045T $a7,41 $a8,1 $a9,10 lok: 50988625 78 exp: 50988625 78 1 #EPN 201B/01 $024-07-23 $t13:45:01.000 201C/01 $024-07-23 201U/01 $0utf8 203@/01 $01240058969 208@/01 $a24-07-23 $be 209A/01 $a/ $f000 $x00 209A/01 $ab*p $x01 209A/01 $aeine Illustration vor S. 16 $x02 209S/01 $uhttps://www.vfgs.eu/index.php?cat=Publikationen%20ab%201971&file=Albendorf_das_schlesische_Jerusalem.pdf $XH 220C/01 $apgar 244Z/01 $#Generalgouvernement Polen $#Polska $#Rzeczpospolita Polska $#Polska Rzeczpospolita Ludowa $#Poland $#Pologne $#République Polonaise $#Generalne Gubernatorstwo w Polsce $#Polish People's Republic $#Polska Rzeczpospolita Polen $#PRL $#RP $#Polen Generalgouvernement $#Polska Generalgouvernement $#Besetzte Polnische Gebiete $#Besetztes Gebiet in Polen $#Okupowane Polskie Obszary $#Obszary Okupowane w Polsce $#Volksrepublik Polen $#Polska Rosyjska $#Republic Polen $#Respublika Pol'ša $#Pol'skaja Narodnaja Respublika $#République de Pologne $#Polen Links der Weichsel $#Polska po Lewej Stronie Wisły $#Lenkija $#Polija $#Gubernija Carstva Pol'skago $#Republik Polen $74046496-9 $8--Tg1--Polen $x01 $9085129801 244Z/01 $#Schlesien $#Schlesien $#Herzogtum Schlesien $#Herzogtum Schlesien Schlesien $#Provinz Schlesien $#Śla̜sk $#Slezsko $#Silesia $74052678-1 $8--Tg1--Schlesien $x02 $9085146781 244Z/01 $#Electronic publications $#Publications électroniques $#Elektronische Publikation $#Computerdatei Formschlagwort $#Datei Formschlagwort $#Elektronisches Dokument $#Magnetband Formschlagwort $#Magnetbandkassette Formschlagwort $#Elektronische Ressource $#Digitale Publikation $74514269-5 $8--Ts1--Elektronische Publikation $x21 $9089274407 247C/01 $82080>Marburg/Lahn, Herder-Institut, Forschungsbibliothek, Bibliographieportal $9336309341
| LEADER | 00000caa a2200000 c 4500 | ||
|---|---|---|---|
| 001 | 509886256 | ||
| 003 | DE-603 | ||
| 005 | 20240711154023.0 | ||
| 007 | tu | ||
| 008 | 230724s2020 xx |||| | u00||u|ger c | ||
| 035 | |a (DE-599)HEB509886256 | ||
| 040 | |a DE-603 |b ger |c DE-603 |d DE-603 |e rda | ||
| 041 | |a ger | ||
| 082 | 0 | 4 | |8 1\u |a 200.9438509033 |q DE-101 |2 23/BSB |
| 084 | |a 7,41 |a 8,1 |a 9,10 |2 ssgn | ||
| 085 | |8 1\u |b 200.9 | ||
| 085 | |8 1\u |z 1 |s 09033 | ||
| 085 | |8 1\u |z 2 |s 4385 | ||
| 100 | 1 | |a Herzig, Arno |d 1937- |e Verfasser |4 aut |0 (DE-603)087826828 |0 (DE-588)119487160 |2 gnd | |
| 245 | 0 | 0 | |a Albendorf, das schlesische Jerusalem: Zum Barockkatholizismus in der Grafschaft Glatz |c Arno Herzig |
| 264 | 0 | |c 2020 | |
| 300 | |b 1 Illustration | ||
| 336 | |a Text |b txt |2 rdacontent | ||
| 337 | |a ohne Hilfsmittel zu benutzen |b n |2 rdamedia | ||
| 338 | |a Band |b nc |2 rdacarrier | ||
| 500 | |a In memoriam Lothar Herzig | ||
| 648 | 7 | |a Geschichte 1695-1800 |2 gnd | |
| 650 | 7 | |a Barock |0 (DE-588)4004541-9 |0 (DE-603)085004049 |2 gnd | |
| 650 | 7 | |a Katholizismus |0 (DE-588)4030027-4 |0 (DE-603)085079588 |2 gnd | |
| 650 | 7 | |a Wallfahrt |0 (DE-588)4064460-1 |0 (DE-603)085180874 |2 gnd | |
| 650 | 7 | |a Kirchenbau |0 (DE-588)4073436-5 |0 (DE-603)085206776 |2 gnd | |
| 650 | 7 | |a Architektur |0 (DE-588)4002851-3 |0 (DE-603)084999292 |2 gnd | |
| 651 | 7 | |a Albendorf |g Glatz |0 (DE-588)4001036-3 |0 (DE-603)084993405 |2 gnd | |
| 773 | 0 | 8 | |i Enthalten in |t Schlesische Geschichtsblätter |d Karlstadt : Verein für Geschichte Schlesiens, 1908- |h 24 cm |x 2190-4871 |g Band 46, Heft 1 (2019 [2020]), Seite 17-24 |w (DE-603)047349034 |w (DE-600)216898-4 |
| 924 | 0 | |9 2080 |a (DE-603)1240058969 |b DE-2080 |c HES |d d |g / |k https://www.vfgs.eu/index.php?cat=Publikationen%20ab%201971&file=Albendorf_das_schlesische_Jerusalem.pdf | |


